书目信息 |
| 题名: |
邓小平人才谋略
|
|
| 作者: | 向洪 | |
| 分册: | ||
| 出版信息: | 成都 四川人民出版社 1996 |
|
| 页数: | 331 | |
| 开本: | 20cm | |
| 丛书名: | 邓小平谋取略研究丛书 | |
| 单 册: | ||
| 中图分类: | A76 | |
| 科图分类: | ||
| 主题词: | 恩格斯--生平事迹 , 恩格斯--传记 , 列宁--生平事迹 , 列宁--传记 , 毛泽东--生平事迹 , 马克思--生事迹 , 马克思--传记 , 毛泽东--传记 | |
| 电子资源: | ||
| ISBN: | 7-220-03257-9 | |
| 000 | 00788nam0 2200289 450 | |
| 001 | 0735257515 | |
| 005 | 20070904094737.51 | |
| 010 | @a7-220-03257-9@d10.80 | |
| 100 | @a20070904d km y0chiy0120 ea | |
| 101 | 0 | @achi |
| 200 | 1 | @a邓小平人才谋略@Adeng xiao ping ren cai mou lue@f向洪@Fxiang hong |
| 210 | @a成都@c四川人民出版社@d1996 | |
| 215 | @a331@d20cm | |
| 225 | 2 | @a邓小平谋取略研究丛书 |
| 410 | 0 | @12001 @a邓小平谋取略研究丛书 |
| 606 | 0 | @a恩格斯@x生平事迹 |
| 606 | 0 | @a恩格斯@x传记 |
| 606 | 0 | @a列宁@x生平事迹 |
| 606 | 0 | @a列宁@x传记 |
| 606 | 0 | @a毛泽东@x生平事迹 |
| 606 | 0 | @a马克思@x生事迹 |
| 606 | 0 | @a马克思@x传记 |
| 606 | 0 | @a毛泽东@x传记 |
| 690 | @aA76@v3 | |
| 701 | 0 | @a向洪@Axiang hong |
| 801 | 0 | @aCN@bPFT@c20070904 |
| 905 | @a213230@dA76@ea15@f1 | |
| 邓小平人才谋略/向洪.-成都:四川人民出版社,1996 |
| 331;20cm.-(邓小平谋取略研究丛书) |
| ISBN 7-220-03257-9:10.80 |
| ● |
| 相关链接 |
|
|
|
|
正题名:邓小平人才谋略
索取号:A76/a15
 
预约/预借
| 序号 | 登录号 | 条形码 | 馆藏地/架位号 | 状态 | 备注 |
| 1 | 7500191 | 275001917 | 史法系资料室/ [索取号:A76/a15] | 在馆 |